| 000 | 00630 a2200193 4500 | ||
|---|---|---|---|
| 999 |
_c7857 _d7857 |
||
| 020 | _a9780621204431 | ||
| 050 | 0 | 0 | _aHG 4011 COP 1998 |
| 100 | 1 |
_aCopeland, Thomas E. _eauthor |
|
| 245 | 1 | 0 |
_aFinancial theory and corporate policy / _cThomas E. Copeland and J. Fred Weston |
| 250 | _a3rd ed. | ||
| 264 |
_aU.S.A. : _bAddison Wesley Longman, _c1998 |
||
| 300 |
_axiv, 946 p. : _bill. ; |
||
| 500 | _aIncludes bibliographies and indexes | ||
| 504 | _aIncludes bibliographies and indexes | ||
| 650 | 0 |
_aCorporations _xFinance. |
|
| 650 | 0 | _aFinance. | |
| 700 | 1 |
_aWeston, J. Fred _eauthor |
|
| 942 |
_2lcc _cBK _e3rd ed. _h4011 _iCOP _kHG |
||